Gaming Quiz

Random Gaming Quiz
Score 0/166 Timer 15:00
0 Plays Today
Game Level % Correct
Call of Duty: Modern Warfare 2No Russian
56.6%
Call of Duty: Modern Warfare 2Cliffhanger
50.9%
Call of Duty 4: Modern WarfareAll Ghillied Up
47.2%
Call of Duty: Modern Warfare 2Endgame
47.2%
Call of Duty: Black OpsVorkuta
47.2%
Call of Duty: Modern Warfare 2S.S.D.D.
45.3%
Call of Duty: Modern Warfare 3Blood Brothers
43.4%
Call of Duty 4: Modern WarfareF.N.G.
41.5%
Call of Duty: Modern Warfare 2Wolverines!
41.5%
Call of Duty: Modern Warfare 2Whiskey Hotel
41.5%
Call of Duty: Modern Warfare 3Dust to Dust
41.5%
Call of Duty: Modern Warfare 2The Gulag
39.6%
Call of Duty: Modern Warfare 2Second Sun
39.6%
Call of Duty: Modern Warfare 2Loose Ends
39.6%
Call of Duty 4: Modern WarfareCharlie Don't Surf
37.7%
Call of Duty 4: Modern WarfareOne Shot, One Kill
37.7%
Call of Duty 4: Modern WarfareGame Over
37.7%
Call of Duty: Modern Warfare 2Team Player
37.7%
Call of Duty: Modern Warfare 3Black Tuesday
37.7%
Call of Duty 4: Modern WarfareCrew Expendable
35.8%
Call of Duty: Modern Warfare 2The Only Easy Day... Was Yesterday
35.8%
Call of Duty: Black OpsOperation 40
35.8%
Call of Duty: Black OpsRebirth
35.8%
Call of Duty 4: Modern WarfareThe Bog
34%
Call of Duty: Black OpsRevelations
34%
Call of Duty 4: Modern WarfareMile High Club
32.1%
Call of Duty: Modern Warfare 2Takedown
32.1%
Call of Duty: Modern Warfare 2Exodus
32.1%
Call of Duty: Modern Warfare 2The Enemy of My Enemy
32.1%
Call of Duty 4: Modern WarfareWar Pig
30.2%
Call of Duty 4: Modern WarfareHeat
30.2%
Call of Duty 4: Modern WarfareNo Fighting in the War Room
30.2%
Call of Duty 4: Modern WarfareHunted
28.3%
Call of Duty 4: Modern WarfareDeath From Above
28.3%
Call of Duty 4: Modern WarfareShock and Awe
28.3%
Call of Duty 4: Modern WarfareAftermath
28.3%
Call of Duty: World at WarDownfall
28.3%
Call of Duty: Modern Warfare 2Of Their Own Accord
28.3%
Call of Duty: Black OpsNumbers
28.3%
Call of Duty: Black OpsWMD
28.3%
Call of Duty: Modern Warfare 3Down the Rabbit Hole
28.3%
Call of Duty 4: Modern WarfareThe Coup
26.4%
Call of Duty 4: Modern WarfareBlackout
26.4%
Call of Duty 4: Modern WarfareSafehouse
26.4%
Call of Duty 4: Modern WarfareThe Sins of the Father
26.4%
Call of Duty: World at WarVendetta
26.4%
Call of Duty: Modern Warfare 2The Hornet's Nest
26.4%
Call of Duty: Modern Warfare 2Just Like Old Times
26.4%
Call of Duty: Black OpsS.O.G.
26.4%
Call of Duty: Black OpsProject Nova
26.4%
Call of Duty: Modern Warfare 3Persona Non Grata
26.4%
Call of Duty: Black Ops IIKarma
25%
Call of Duty: World at WarSemper Fi
24.5%
Call of Duty: World at WarHeart of the Reich
24.5%
Call of Duty: Modern Warfare 2Contingency
24.5%
Call of Duty: Black OpsExecutive Order
24.5%
Game Level % Correct
Call of Duty: Black OpsVictor Charlie
24.5%
Call of Duty: Black OpsPayback
24.5%
Call of Duty: Black OpsRedemption
24.5%
Call of Duty: Black Ops IISuffer with Me
22.7%
Call of Duty: Modern Warfare 2Museum
22.6%
Call of Duty: Black OpsThe Defector
22.6%
Call of Duty: Modern Warfare 3Hunter Killer
22.6%
Call of Duty: Modern Warfare 3Mind the Gap
22.6%
Call of Duty: Modern Warfare 3Eye of the Storm
22.6%
Call of Duty: Modern Warfare 3Stronghold
22.6%
Call of DutyPathfinder
20.8%
Call of DutyStalingrad
20.8%
Call of Duty: World at WarLittle Resistance
20.8%
Call of Duty: World at WarBlood and Iron
20.8%
Call of Duty: World at WarBlowtorch & Corkscrew
20.8%
Call of Duty: Black OpsU.S.D.D.
20.8%
Call of Duty: Black OpsCrash Site
20.8%
Call of Duty: Modern Warfare 3Back on the Grid
20.8%
Call of Duty: Modern Warfare 3Davis Family Vacation
20.8%
Call of Duty: Modern Warfare 3Iron Lady
20.8%
Call of Duty: Modern Warfare 3Scorched Earth
20.8%
Call of Duty: Black Ops IICelerium
20.5%
Call of Duty: World at WarBlack Cats
18.9%
Call of Duty: Modern Warfare 3Prologue
18.9%
Call of Duty: Modern Warfare 3Turbulence
18.9%
Call of Duty: Modern Warfare 3Goalpost
18.9%
Call of Duty: Modern Warfare 3Return to Sender
18.9%
Call of Duty: Modern Warfare 3Bag and Drag
18.9%
Call of Duty: Black Ops IIPyrrhic Victory
18.2%
Call of Duty: Black Ops IIOld Wounds
18.2%
Call of Duty: Black Ops IIFallen Angel
18.2%
Call of Duty 4: Modern WarfareUltimatum
17%
Call of Duty 4: Modern WarfareAll In
17%
Call of Duty: World at WarTheir Land, Their Blood
17%
Call of Duty: Black Ops IIOdysseus
15.9%
Call of DutyTrain Station
15.1%
Call of DutyBerlin
15.1%
Call of Duty: World at WarBreaking Point
15.1%
Call of Duty: Black Ops IITime and Fate
13.6%
Call of Duty: Black Ops IICordis Die
13.6%
Call of Duty: Black Ops IIJudgment Day
13.6%
Call of DutyCamp Toccoa
13.2%
Call of DutyBrecourt Manor
13.2%
Call of DutyRed Square
13.2%
Call of Duty 2City Hall
13.2%
Call of Duty: World at WarHard Landing
13.2%
Call of Duty: World at WarBurn 'em Out
13.2%
Call of Duty: World at WarRelentless
13.2%
Call of Duty: World at WarEviction
13.2%
Call of Duty: Black Ops IIAchilles' Veil
11.4%
Call of DutySte. Mere-Eglise
11.3%
Call of DutySte. Mere-Eglise-Day
11.3%
Call of Duty 2Red Army Training
11.3%
Call of Duty 2The End of the Beginning
11.3%
Call of Duty: World at WarRing of Steel
11.3%
Call of DutyPegasus Bridge
9.4%
Game Level % Correct
Call of DutyPegasus Bridge-Day
9.4%
Call of DutyThe Eder Dam
9.4%
Call of Duty 2Demolition
9.4%
Call of Duty 2Crusader Charge
9.4%
Call of Duty 2The Battle of Pointe du Hoc
9.4%
Call of Duty 2The Silo
9.4%
Call of Duty 2Crossing the Rhine
9.4%
Call of Duty 3Saint-Lo
9.4%
Call of Duty 3The Island
9.4%
Call of Duty 3The Mace
9.4%
Call of Duty 3Chambois
9.4%
Call of DutyNormandy Route N13
7.5%
Call of DutyAlps Chateau
7.5%
Call of DutyDulag IIIA
7.5%
Call of DutyAirfield Escape
7.5%
Call of DutyBattleship Tirpitz
7.5%
Call of DutyPavlov's House
7.5%
Call of Duty 2Repairing the Wire
7.5%
Call of Duty 288 Ridge
7.5%
Call of Duty 2Retaking Lost Ground
7.5%
Call of Duty 2Defending the Pointe
7.5%
Call of Duty 2Prisoners of War
7.5%
Call of Duty 2The Crossroads
7.5%
Call of Duty 2The Tiger
7.5%
Call of Duty 2Rangers Lead the Way
7.5%
Call of Duty 2The Battle for Hill 400
7.5%
Call of Duty 3Night Drop
7.5%
Call of Duty 3Mayenne Bridge
7.5%
Call of Duty 3Falaise Road
7.5%
Call of Duty 3Fuel Plant
7.5%
Call of Duty 3The Black Baron
7.5%
Call of Duty 3The Forest
7.5%
Call of Duty 3Laison River
7.5%
Call of Duty 3The Crossroads
7.5%
Call of Duty 3Hostage!
7.5%
Call of Duty 3The Corridor of Death
7.5%
Call of DutyEder Dam Getaway
5.7%
Call of DutyStalingrad Sewers
5.7%
Call of DutyOder River Country
5.7%
Call of DutyOder River Town
5.7%
Call of DutyV-2 Rocket Site
5.7%
Call of Duty 2Comrade Sniper
5.7%
Call of Duty 2Operation Supercharge
5.7%
Call of Duty 2Assault on Matmata
5.7%
Call of Duty 2The Brigade Box
5.7%
Call of DutyWarsaw Factory
3.8%
Call of DutyWarsaw Railyard
3.8%
Call of DutyFestung Recogne
3.8%
Call of Duty 2The Pipeline
3.8%
Call of Duty 2Downtown Assault
3.8%
Call of Duty 2The Diversionary Raid
3.8%
Call of Duty 2Holding the Line
3.8%
Call of Duty 2Outnumbered and Outgunned
3.8%
Call of Duty 2Approaching Hill 400
3.8%
Remove Ads.
Support Sporcle.
Get the best of Sporcle when you Go Orange. This ad-free experience offers more features, more stats, and more fun while also helping to support Sporcle. Thank you for becoming a member.

You're not logged in!

Compare scores with friends on all Sporcle quizzes.
OR
Log In

Show Comments

Extras

Top Quizzes Today


Score Distribution

Your Account Isn't Verified!

In order to create a playlist on Sporcle, you need to verify the email address you used during registration. Go to your Sporcle Settings to finish the process.

Report this User

Report this user for behavior that violates our Community Guidelines.

Details: